Which Country in WWII? - Statistics

General Stats
  • This quiz has been taken 73,499 times
  • The average score is 12 of 20
Answer Stats
Hint Answer % Correct
Benito Mussolini was its leader Italy
99%
It was invaded by Germany on September 1, 1939 – often considered to be the official beginning of the war Poland
93%
Suffered about 10 million military deaths, the most of any country Soviet Union
91%
Produced the greatest number of vehicles, airplanes, and ships of any country United States
89%
Its leader said they would fight "on the beaches" if necessary United Kingdom
84%
Where Anne Frank and her family sought refuge in an attic Netherlands
83%
Annexed by Germany in the "Anschluss" of 1938 Austria
82%
Its Sudetenland region was ceded to Germany at the 1938 Munich Conference Czechoslovakia
67%
Country which the Soviets invaded, but failed to conquer, during the Winter War of 1939–1940 Finland
67%
Some soldiers from this country continued to hide in the jungle and fight long after the war ended. The last one didn't surrender until 1974. Japan
67%
Island country which was occupied by the UK, US, and Canada to prevent it from falling into German hands Iceland
58%
Where Rommel's tanks were turned back for good at the Second Battle of El Alamein Egypt
56%
Produced the first jet fighter plane ever to see action Germany
51%
Island country under British rule which the Nazis tried, but failed, to bomb into submission Malta
43%
General MacArthur fled this country in 1942 but returned in 1944 Philippines
40%
Asian country which hosted the first meeting of the "Big Three" Allied leaders in 1943 Iran
35%
Although officially neutral, volunteers from this country's "Blue Division" fought with the Germans Spain
34%
A famous land route through this country allowed the Allies to supply China Burma
24%
Where 80,000 British and allied troops surrendered to the Japanese in 1942 despite being ordered to fight to the last man Singapore
24%
Site of Allied invasions during Operation Torch in late 1942 Algeria / Morocco
17%
No matching quizzes found
Score Distribution
Percent of People with Each Score
Percentile by Number Answered
Your Score History
You have not taken this quiz